[Event "3ème Open International de Nantes"]
[Site "Nantes"]
[Date "2004.12.27"]
[Round "1.1"]
[White "STAROSTITS, Ilmars"]
[Black "MACEDO-RASGADINHO, Joaquim"]
[Result "1-0"]
[WhiteElo "2460"]
[BlackElo "1930"]
[PlyCount "81"]
[EventDate "2004.??.??"]
[SourceDate "2005.01.01"]

1. e4 e6 2. d4 d5 3. Nc3 dxe4 4. Nxe4 Nf6 5. Nxf6+ Qxf6 6. Nf3 h6 7. h4 Bd6 8.
Bd3 Bf4 9. Bxf4 Qxf4 10. h5 Nc6 11. c3 Bd7 12. Rh4 Qf6 13. Qd2 O-O-O 14. Rf4
Qe7 15. O-O-O Be8 16. Qe3 Rd5 17. g4 Rf8 18. Re4 Qd8 19. c4 Rd7 20. Bc2 Rd6 21.
d5 exd5 22. cxd5 Nb8 23. Qxa7 Ra6 24. Qc5 Nd7 25. Qc4 f5 26. Re6 Nb6 27. Qc5
Bd7 28. Bxf5 Rf6 29. Rxf6 Qxf6 30. d6 c6 31. Re1 Bxf5 32. Re8+ Kd7 33. Re7+ Kc8
34. Qxf5+ Qxf5 35. gxf5 Ra5 36. Ne5 Rc5+ 37. Kb1 Kb8 38. d7 Kc7 39. f4 Rd5 40.
Rxg7 Nxd7 41. f6 1-0

[Event "3ème Open International de Nantes"]
[Site "Nantes"]
[Date "2004.12.27"]
[Round "1.2"]
[White "HOUARD, Yannick"]
[Black "BRUNELLIERE, Pierre"]
[Result "0-1"]
[WhiteElo "1920"]
[BlackElo "2348"]
[PlyCount "73"]
[EventDate "2004.??.??"]
[SourceDate "2005.01.01"]

1. e4 c5 2. Nf3 g6 3. Nc3 Bg7 4. d4 cxd4 5. Nxd4 Nc6 6. Be3 Nf6 7. f3 O-O 8.
Qd2 d5 9. exd5 Nxd5 10. Nxd5 Qxd5 11. Nxc6 Qxc6 12. c3 Bf5 13. Rd1 Qe6 14. Be2
Qxa2 15. O-O Qb3 16. Bc5 Rfe8 17. f4 Bc2 18. Rc1 Be4 19. Rcd1 b6 20. Be3 e6 21.
Bf3 Bxf3 22. Rxf3 Bf6 23. Qe2 Red8 24. Rff1 h5 25. Bf2 Rac8 26. Rfe1 Kg7 27.
Be3 a5 28. Bc1 a4 29. Rxd8 Rxd8 30. Be3 Rd5 31. Ra1 b5 32. Rc1 b4 33. Qc2 Qxc2
34. Rxc2 Rd1+ 35. Kf2 b3 36. Re2 a3 37. bxa3 0-1

[Event "3ème Open International de Nantes"]
[Site "Nantes"]
[Date "2004.12.27"]
[Round "1.3"]
[White "MONROY, Charles"]
[Black "LE RUYET, Leopold"]
[Result "1-0"]
[WhiteElo "2299"]
[BlackElo "1903"]
[PlyCount "69"]
[EventDate "2004.??.??"]
[SourceDate "2005.01.01"]

1. e4 c5 2. Nf3 d6 3. d4 cxd4 4. Qxd4 Nc6 5. Bb5 Bd7 6. Bxc6 Bxc6 7. Nc3 e6 8.
Bg5 e5 9. Qd3 Be7 10. h4 h6 11. Bxe7 Qxe7 12. O-O-O O-O-O 13. Rhe1 Nf6 14. Nd5
Bxd5 15. exd5 Qd7 16. Qa3 Kb8 17. Kb1 Qb5 18. Nd2 g5 19. Qf3 Nd7 20. hxg5 hxg5
21. Qxf7 Nb6 22. Ne4 Qd7 23. Qf3 g4 24. Qb3 Qf5 25. a4 Rh2 26. a5 Nc8 27. g3
Qf3 28. Qb4 Rdh8 29. Nxd6 Nxd6 30. Qxd6+ Ka8 31. Qxe5 a6 32. Qe3 Rxf2 33. d6
Qxe3 34. Rxe3 Rf3 35. Re4 1-0

[Event "3ème Open International de Nantes"]
[Site "Nantes"]
[Date "2004.12.27"]
[Round "1.9"]
[White "RIHOUAY, Clément"]
[Black "LEGOLLES, Frédéric"]
[Result "1/2-1/2"]
[WhiteElo "2116"]
[BlackElo "1830"]
[PlyCount "103"]
[EventDate "2004.??.??"]
[SourceDate "2005.01.01"]

1. e4 c5 2. Nf3 Nc6 3. d4 cxd4 4. Nxd4 Nf6 5. Nc3 e5 6. Ndb5 d6 7. Bg5 a6 8.
Na3 b5 9. Bxf6 gxf6 10. Nd5 f5 11. c3 Bg7 12. exf5 Bxf5 13. Nc2 O-O 14. a4 Bxc2
15. Qxc2 Ne7 16. Qd2 Nxd5 17. Qxd5 bxa4 18. Rxa4 Qg5 19. f4 Qh6 20. Bd3 exf4
21. O-O Be5 22. Be4 f3 23. g3 Rab8 24. Bxf3 Rxb2 25. Rh4 Qe3+ 26. Kh1 Rf2 27.
Rxf2 Qxf2 28. Qd3 f5 29. c4 Re8 30. Bd5+ Kg7 31. Qf3 Qxf3+ 32. Bxf3 a5 33. g4
a4 34. Bc6 a3 35. Rh3 Rc8 36. Bb7 Rb8 37. Rxa3 Rxb7 38. gxf5 Kf6 39. Ra5 Rb1+
40. Kg2 Rb2+ 41. Kf1 Rxh2 42. c5 dxc5 43. Rxc5 Kxf5 44. Kg1 Rb2 45. Rd5 h5 46.
Rd7 Kg4 47. Re7 Bd4+ 48. Kh1 Kh3 49. Re3+ Kh4 50. Re4+ Kg3 51. Rg4+ Kh3 52.
Rh4+ 1/2-1/2

[Event "3ème Open International de Nantes"]
[Site "Nantes"]
[Date "2004.12.27"]
[Round "1.10"]
[White "COBIGO, Jean-yves"]
[Black "BIORET, Nicolas"]
[Result "1/2-1/2"]
[WhiteElo "1820"]
[BlackElo "2086"]
[PlyCount "110"]
[EventDate "2004.??.??"]
[SourceDate "2005.01.01"]

1. e4 e5 2. Nf3 Nc6 3. d4 exd4 4. Bc4 Nf6 5. O-O d5 6. exd5 Nxd5 7. Nxd4 Be7 8.
Nxc6 bxc6 9. Qf3 O-O 10. Rd1 Be6 11. Nc3 Bf6 12. Nxd5 cxd5 13. Bxd5 Bxd5 14.
Qxd5 Qxd5 15. Rxd5 Rad8 16. Rxd8 Rxd8 17. Be3 Bxb2 18. Rb1 a6 19. Kf1 Be5 20.
h3 f5 21. Bg5 Rd5 22. Ke2 Ra5 23. Rb8+ Kf7 24. Bd8 Rxa2 25. Kd3 a5 26. Bxc7
Ra3+ 27. Kd2 Bxc7 28. Rb7 h5 29. Rxc7+ Kf6 30. Rd7 g5 31. Rd6+ Ke5 32. Rg6 g4
33. h4 Ra1 34. g3 a4 35. Rg5 Ra2 36. Rg6 Ke4 37. Ke2 Rb2 38. Re6+ Kd5 39. Ra6
Rxc2+ 40. Ke3 Ra2 41. Rh6 Ra3+ 42. Kf4 Rf3+ 43. Kg5 Rxf2 44. Ra6 Ra2 45. Ra5+
Kc6 46. Rxf5 Rd2 47. Rf4 Rd5+ 48. Kg6 Ra5 49. Rf1 a3 50. Ra1 a2 51. Rc1+ Kb6
52. Ra1 Kc6 53. Rc1+ Kd6 54. Rd1+ Rd5 55. Rc1 Ra5 1/2-1/2

[Event "3ème Open International de Nantes"]
[Site "Nantes"]
[Date "2004.12.27"]
[Round "1.11"]
[White "THEVENOT, David"]
[Black "DESNOES, Fabien"]
[Result "0-1"]
[WhiteElo "2085"]
[BlackElo "1820"]
[PlyCount "74"]
[EventDate "2004.??.??"]
[SourceDate "2005.01.01"]

1. d4 d5 2. Nf3 Nf6 3. Bf4 c5 4. e3 Qb6 5. dxc5 Qxb2 6. Be5 Qb4+ 7. Nbd2 Nbd7
8. Bd4 e6 9. Rb1 Qa5 10. Rb5 Qc7 11. Nb3 Be7 12. Qa1 O-O 13. Bd3 Rd8 14. h4 Bf8
15. h5 Ne8 16. Ng5 h6 17. Nf3 f6 18. e4 e5 19. Be3 d4 20. Bd2 Nxc5 21. Nxc5
Bxc5 22. Bc4+ Kh8 23. Qc1 Nd6 24. Rxc5 Qxc5 25. Bd5 Qc7 26. Bxh6 Kh7 27. Bd2
Bd7 28. g4 Bxg4 29. Nh4 Rac8 30. Rg1 Bxh5 31. Bb4 Qxc2 32. Qxc2 Rxc2 33. Rg3
Re2+ 34. Kf1 Nxe4 35. Bxe4+ Rxe4 36. Nf5 Be2+ 37. Kg2 Rg4 0-1

[Event "3ème Open International de Nantes"]
[Site "Nantes"]
[Date "2004.12.27"]
[Round "1.19"]
[White "MESLI, Maurice"]
[Black "MENARD, Mary"]
[Result "0-1"]
[WhiteElo "2000"]
[BlackElo "1750"]
[PlyCount "124"]
[EventDate "2004.??.??"]
[SourceDate "2005.01.01"]

1. d4 d5 2. c4 e5 3. dxe5 d4 4. a3 Nc6 5. Nf3 Bg4 6. Nbd2 Qd7 7. b4 Nge7 8. Bb2
Ng6 9. Qb3 Be7 10. e3 Ncxe5 11. Nxd4 Rd8 12. f3 Be6 13. Rd1 O-O 14. Be2 c5 15.
Nxe6 Qxe6 16. O-O Nc6 17. b5 Na5 18. Qc2 Qxe3+ 19. Rf2 Bh4 20. g3 Nf4 21. Bf1
Rd6 22. Qc3 Qxc3 23. Bxc3 Nd3 24. Ne4 Nxf2 25. Rxd6 Nxe4 26. fxe4 Bd8 27. Rd7
Re8 28. e5 Kf8 29. Bg2 Nxc4 30. Bd5 Nxe5 31. Bxe5 Rxe5 32. Rxd8+ Ke7 33. Rb8
Rxd5 34. Rxb7+ Rd7 35. Rb8 Kd6 36. b6 Kc6 37. bxa7 Rxa7 38. Rb3 Kd5 39. Kf2 Kc4
40. Rf3 Re7 41. Rf4+ Kb3 42. Rf3+ Ka4 43. Rc3 Re5 44. Kf3 Kb5 45. Kf4 Re2 46.
h4 c4 47. g4 Rb2 48. a4+ Kb4 49. Rc1 Ra2 50. Ke4 Rxa4 51. Kd4 Kb3 52. Rc3+ Kb2
53. Rxc4 Rxc4+ 54. Kxc4 Kc2 55. Kd4 Kd2 56. Ke4 Ke2 57. h5 h6 58. Kf5 Kf3 59.
g5 hxg5 60. Kxg5 Kg3 61. Kf5 Kh4 62. h6 gxh6 0-1

[Event "3ème Open International de Nantes"]
[Site "Nantes"]
[Date "2004.12.27"]
[Round "1.27"]
[White "GREGO, Pierre"]
[Black "LEBRETON, Flavien"]
[Result "0-1"]
[WhiteElo "1936"]
[BlackElo "1670"]
[PlyCount "116"]
[EventDate "2004.??.??"]
[SourceDate "2005.01.01"]

1. Nf3 Nf6 2. g3 b6 3. Bg2 Bb7 4. O-O e6 5. d3 d5 6. c4 c5 7. Bg5 h6 8. Bf4 Bd6
9. Bxd6 Qxd6 10. Nc3 O-O 11. Qc2 Nc6 12. Rad1 d4 13. Nb5 Qd7 14. a4 Ne8 15. Qc1
Nd6 16. b3 Rae8 17. e3 e5 18. exd4 Nxd4 19. Nbxd4 exd4 20. Rfe1 Rxe1+ 21. Rxe1
Bxf3 22. Bxf3 Qf5 23. Be4 Qf6 24. Bd5 Re8 25. Kg2 Kf8 26. Qd2 Re5 27. b4 Rxe1
28. Qxe1 Qe7 29. Qd2 Qg5 30. Qb2 Qd8 31. bxc5 bxc5 32. Qa3 Qb6 33. a5 Qb4 34.
Qxb4 cxb4 35. c5 Nb5 36. Kf3 Ke7 37. Bb3 f5 38. g4 Kf6 39. h3 g5 40. Ba4 Nc7
41. Bb3 Na6 42. c6 Ke5 43. gxf5 Kxf5 44. Bc4 Nc7 45. Bb3 Ne8 46. Kg3 Nc7 47. h4
Ne8 48. hxg5 hxg5 49. Kf3 Nc7 50. Ke2 Kf4 51. Bd1 Ke5 52. Kd2 Kd5 53. Bf3+ Kc5
54. Kc2 Kb5 55. Kb3 Kxa5 56. Kc4 Ka4 57. Kxd4 b3 58. Bd1 Kb4 0-1

[Event "3ème Open International de Nantes"]
[Site "Nantes"]
[Date "2004.12.27"]
[Round "1.28"]
[White "LE PEN, Michel"]
[Black "BLEUZEN, Cédric"]
[Result "1-0"]
[WhiteElo "1660"]
[BlackElo "1935"]
[Annotator "LE PEN MICHEL"]
[PlyCount "51"]
[EventDate "2004.??.??"]
[SourceDate "2005.01.01"]

1. e4 e6 2. d4 d5 3. Nd2 Nf6 4. e5 Nfd7 5. Bd3 c5 6. c3 Nc6 7. Ne2 Qa5 {
'7. ...cxd4 est plus commun'} 8. f4 b5 9. Bc2 b4 10. Nb3 Qb5 {
'Le fou c2 vise la case a4'} 11. Be3 a5 {'c4!? oblige 12. Cd2 Fe7'} 12. dxc5
Nxc5 {'?'} 13. Nxc5 Bxc5 14. Ba4 {'Clouage relatif...'} 14... Qb6 15. Bxc5 Qxc5
16. Qd4 {'Force l'echange des dames afin de creer un clouage absolu avec gain
d'une piece'} 16... Qxd4 17. Nxd4 Bd7 18. Bxc6 Bxc6 19. Nxc6 Kd7 20. Nd4 bxc3
21. bxc3 Rhb8 22. O-O {'Les blancs veulent pousser f4'} 22... Rb2 23. Rf2 Rb6
24. f5 exf5 25. Rxf5 Ke7 26. Raf1 1-0

[Event "3ème Open International de Nantes"]
[Site "Nantes"]
[Date "2004.12.27"]
[Round "1.35"]
[White "GUILBAUD, J-L."]
[Black "CHAILLOU, Stéphane"]
[Result "1-0"]
[WhiteElo "1380"]
[BlackElo "1610"]
[PlyCount "64"]
[EventDate "2004.??.??"]
[SourceDate "2005.01.01"]

1. d4 d5 2. c4 c6 3. Nc3 Nf6 4. Nf3 Bf5 5. Bg5 Nbd7 6. cxd5 cxd5 7. e3 a6 8.
Qb3 Nb6 9. h3 e6 10. Be2 Be7 11. O-O O-O 12. Ne5 Nbd7 13. Qxb7 Nxe5 14. dxe5
Nd7 15. Bxe7 Qxe7 16. Bxa6 Rfb8 17. Qc6 Nxe5 18. Qa4 Qd6 19. Qf4 Rxa6 20. Rfd1
Nc4 21. Qf3 Rxb2 22. e4 Nd2 23. Rxd2 Rxd2 24. exf5 Ra3 25. Rc1 Qc6 26. Qg3 Qa8
27. Qe5 Qa7 28. Ne2 Qa8 29. fxe6 Raxa2 30. exf7+ Kf8 31. Qd6+ Kxf7 32. Rc7+ Kg8
1-0

[Event "3ème Open International de Nantes"]
[Site "Nantes"]
[Date "2004.12.27"]
[Round "1.4"]
[White "ERARD , Amédée"]
[Black "BERTHELOT, Yannick"]
[Result "0-1"]
[WhiteElo "1902"]
[BlackElo "2298"]
[PlyCount "74"]
[EventDate "2004.??.??"]
[SourceDate "2005.01.01"]

1. e4 c5 2. Nf3 Nc6 3. d3 g6 4. Be3 Bg7 5. c3 d6 6. Be2 e5 7. O-O Nge7 8. Qd2
O-O 9. Bh6 d5 10. Bxg7 Kxg7 11. Qg5 f6 12. Qc1 b6 13. Rd1 d4 14. Nbd2 g5 15.
Nf1 Ng6 16. g3 Be6 17. Kg2 Qd7 18. Ng1 h6 19. Bh5 f5 20. h4 gxh4 21. Bxg6 Kxg6
22. exf5+ Rxf5 23. c4 h3+ 24. Kh1 Rxf2 25. Rd2 Bd5+ 26. Nf3 Bxf3+ 27. Kg1 Rg2+
28. Rxg2 Bxg2 29. Qd2 Rf8 30. Nh2 Qf5 31. a3 Qg5 32. Qxg5+ Kxg5 33. Re1 h5 34.
b4 cxb4 35. axb4 e4 36. dxe4 d3 37. e5 Nd4 0-1

[Event "3ème Open International de Nantes"]
[Site "Nantes"]
[Date "2004.12.27"]
[Round "1.5"]
[White "DELORME, Alban"]
[Black "DELINOTTE, Mathieu"]
[Result "1-0"]
[WhiteElo "2252"]
[BlackElo "1890"]
[PlyCount "67"]
[EventDate "2004.??.??"]
[SourceDate "2005.01.01"]

1. e4 c5 2. Nf3 Nc6 3. d4 cxd4 4. Nxd4 Nf6 5. Nc3 e5 6. Ndb5 d6 7. Bg5 a6 8.
Na3 b5 9. Bxf6 gxf6 10. Nd5 Be7 11. c3 f5 12. Bd3 Be6 13. Nxb5 axb5 14. Bxb5
Bd7 15. exf5 Rb8 16. a4 Na7 17. Qg4 Bf6 18. c4 h5 19. Qe4 Bg5 20. O-O Nxb5 21.
axb5 Qc8 22. f4 Bxf5 23. Qe1 Be7 24. fxe5 Be6 25. Nxe7 Kxe7 26. exd6+ Kxd6 27.
Qh4 Qc5+ 28. Kh1 Ra8 29. Qf4+ Ke7 30. Qf6+ Kd7 31. Rfd1+ Kc7 32. Qf4+ Kb7 33.
Qe4+ Bd5 34. cxd5 1-0

[Event "3ème Open International de Nantes"]
[Site "Nantes"]
[Date "2004.12.27"]
[Round "1.6"]
[White "MAHE, Romain"]
[Black "SASU-DUCSOARA, Andreea"]
[Result "0-1"]
[WhiteElo "1850"]
[BlackElo "2244"]
[PlyCount "64"]
[EventDate "2004.??.??"]
[SourceDate "2005.01.01"]

1. e4 c5 2. Nf3 d6 3. d4 cxd4 4. Nxd4 Nf6 5. Bc4 e6 6. Nc3 a6 7. Bb3 b5 8. a3
Bb7 9. f3 Nc6 10. Be3 Qc7 11. Qe2 Na5 12. Ba2 Nc4 13. Bxc4 bxc4 14. O-O-O Be7
15. g4 O-O 16. h4 Rab8 17. h5 Bc8 18. g5 Nd7 19. g6 Qb7 20. gxh7+ Kxh7 21. Rdg1
Qxb2+ 22. Kd2 Bf6 23. h6 g6 24. f4 Qb7 25. Qg4 Rg8 26. Qg2 Nc5 27. f5 exf5 28.
Nxf5 Bxf5 29. exf5 Bxc3+ 30. Kxc3 Ne4+ 31. Kd4 Qb6+ 32. Kxc4 Qxe3 0-1

[Event "3ème Open International de Nantes"]
[Site "Nantes"]
[Date "2004.12.27"]
[Round "2.1"]
[White "NOBLET, Renald"]
[Black "STAROSTITS, Ilmars"]
[Result "1/2-1/2"]
[WhiteElo "2002"]
[BlackElo "2460"]
[PlyCount "85"]
[EventDate "2004.??.??"]
[SourceDate "2005.01.01"]

1. e4 c5 2. Nc3 Nc6 3. f4 g6 4. Nf3 Bg7 5. d3 e6 6. Be3 Qb6 7. Rb1 Nge7 8. g3
d5 9. Bd2 a6 10. Bg2 O-O 11. O-O c4+ 12. Kh1 d4 13. Ne2 f5 14. Be1 Rd8 15. Nd2
cxd3 16. cxd3 fxe4 17. dxe4 e5 18. Nc4 Qc5 19. Nxe5 Nxe5 20. fxe5 Be6 21. a3
Qxe5 22. Nf4 Bc4 23. Rf2 Rac8 24. b3 Bf7 25. Nd3 Qe6 26. Qf3 Rf8 27. Bb4 Rc7
28. Qe2 b6 29. Nf4 Qc8 30. Bh3 Qb7 31. Ne6 Bxe6 32. Bxe6+ Kh8 33. Rxf8+ Bxf8
34. Bd6 Rc6 35. Qf3 Bg7 36. Qf7 Rc1+ 37. Rxc1 Qxe4+ 38. Kg1 Qe3+ 39. Kg2 Qd2+
40. Kh3 Qh6+ 41. Kg2 Qd2+ 42. Kh3 Qh6+ 43. Kg2 1/2-1/2

[Event "3ème Open International de Nantes"]
[Site "Nantes"]
[Date "2004.12.27"]
[Round "2.2"]
[White "BRUNELLIERE, Pierre"]
[Black "MOREAU, Luc"]
[Result "1-0"]
[WhiteElo "2348"]
[BlackElo "2004"]
[PlyCount "51"]
[EventDate "2004.??.??"]
[SourceDate "2005.01.01"]

1. g3 Nf6 2. Bg2 g6 3. e4 d6 4. d4 Bg7 5. Nc3 O-O 6. h3 Nbd7 7. Nge2 e5 8. O-O
Re8 9. Be3 exd4 10. Bxd4 Qe7 11. f4 c6 12. Qd2 Nc5 13. Rae1 Be6 14. b3 Rad8 15.
g4 Bc8 16. Ng3 Ne6 17. Bxa7 b5 18. Bb6 Rd7 19. f5 Nc5 20. e5 dxe5 21. Qf2 Bf8
22. fxg6 Nd5 23. Nxd5 cxd5 24. Nf5 Qg5 25. gxh7+ Kxh7 26. Bxc5 1-0

[Event "3ème Open International de Nantes"]
[Site "Nantes"]
[Date "2004.12.27"]
[Round "2.3"]
[White "NAFRI, Said"]
[Black "MONROY, Charles"]
[Result "0-1"]
[WhiteElo "1999"]
[BlackElo "2299"]
[PlyCount "76"]
[EventDate "2004.??.??"]
[SourceDate "2005.01.01"]

1. c4 Nf6 2. Nc3 e6 3. g3 d5 4. cxd5 exd5 5. Bg2 c6 6. d4 Bd6 7. Nf3 O-O 8. O-O
Bf5 9. Bg5 Nbd7 10. Re1 h6 11. Bd2 Ne4 12. Nh4 Bh7 13. Bxe4 dxe4 14. f4 Re8 15.
Ng2 Nf6 16. e3 Qd7 17. Rc1 Bg6 18. Qc2 Qh3 19. Re2 Bh5 20. Be1 Bxe2 21. Qxe2
Rad8 22. Nd1 Ng4 23. Nh4 c5 24. dxc5 Bxc5 25. Nf5 Rd5 26. Nd4 Bxd4 27. exd4
Rxd4 28. Ne3 Nxe3 29. Qxe3 Red8 30. Rc5 Qg4 31. Kg2 Qd1 32. Bc3 Rd3 33. Qxe4
Qc2+ 34. Kh3 Rxg3+ 35. hxg3 Qxe4 36. Re5 Qf3 37. Kh2 Rd1 38. Be1 Rxe1 0-1

[Event "3ème Open International de Nantes"]
[Site "Nantes"]
[Date "2004.12.27"]
[Round "2.7"]
[White "TROMP, Hendrik-Jan"]
[Black "CROUAN, Stephane"]
[Result "1/2-1/2"]
[WhiteElo "1950"]
[BlackElo "2229"]
[PlyCount "40"]
[EventDate "2004.??.??"]
[SourceDate "2005.01.01"]

1. Nf3 Nf6 2. c4 c5 3. Nc3 Nc6 4. e3 g6 5. d4 cxd4 6. exd4 d5 7. Bf4 Bg7 8. Ne5
O-O 9. Nxc6 bxc6 10. Be5 Be6 11. c5 Ne4 12. Bxg7 Kxg7 13. Qa4 Qc7 14. Bd3 Bf5
15. Nxe4 dxe4 16. Be2 e5 17. O-O Rfd8 18. Rfd1 Rd5 19. dxe5 Rxc5 20. e6 Bxe6
1/2-1/2

[Event "3ème Open International de Nantes"]
[Site "Nantes"]
[Date "2004.12.27"]
[Round "2.10"]
[White "DESNOES , Fabien"]
[Black "LE CORRE, Patrick"]
[Result "1-0"]
[WhiteElo "1820"]
[BlackElo "2039"]
[PlyCount "69"]
[EventDate "2004.??.??"]
[SourceDate "2005.01.01"]

1. e4 d6 2. d4 Nf6 3. Nc3 g6 4. Nf3 Bg7 5. Be3 c6 6. Qd2 b5 7. O-O-O b4 8. Na4
Qa5 9. b3 Nxe4 10. Qd3 Bf5 11. Qc4 d5 12. Qe2 Nc3 13. Nxc3 bxc3 14. Kb1 O-O 15.
Ng5 e5 16. dxe5 Bxe5 17. g4 Bc8 18. f4 Bg7 19. h4 d4 20. Bc1 Qd5 21. Bg2 Qd7
22. Bf3 Ba6 23. Qh2 d3 24. Ka1 Qd4 25. h5 h6 26. hxg6 d2 27. gxf7+ Rxf7 28.
Nxf7 dxc1=Q+ 29. Rxc1 Kxf7 30. Qh5+ Kf8 31. Rhe1 Nd7 32. Qf5+ Kg8 33. Bxc6 Rc8
34. Red1 Qe3 35. Bxd7 1-0

[Event "3ème Open International de Nantes"]
[Site "Nantes"]
[Date "2004.12.27"]
[Round "2.4"]
[White "BERTHELOT, Yannick"]
[Black "LE GALLO, Frédéric"]
[Result "1-0"]
[WhiteElo "2298"]
[BlackElo "1959"]
[PlyCount "91"]
[EventDate "2004.??.??"]
[SourceDate "2005.01.01"]

1. e4 g6 2. d4 Bg7 3. Nc3 d6 4. f4 Nc6 5. Be3 Nf6 6. Nf3 O-O 7. Be2 Ng4 8. Bg1
e5 9. fxe5 dxe5 10. d5 Nd4 11. Nxd4 exd4 12. Bxd4 Qh4+ 13. g3 Qh3 14. Bxg7 Qg2
15. Kd2 Kxg7 16. Qf1 Qf2 17. Qxf2 Nxf2 18. Rhf1 Nh3 19. Nb5 c6 20. Nd6 cxd5 21.
Nxc8 Raxc8 22. Bg4 Ng5 23. Bxc8 Nxe4+ 24. Ke3 Rxc8 25. c3 Re8 26. Kd4 f5 27.
Rad1 Kf6 28. g4 a5 29. gxf5 gxf5 30. Rf4 Ng5 31. Kd3 Ne6 32. Rh4 Re7 33. Kc2 f4
34. Rxd5 f3 35. Rh6+ Kg7 36. Rh3 Nf4 37. Rg3+ Kh6 38. Rd6+ Kh5 39. Rxf3 Kg4 40.
Rg3+ Kh4 41. Rh6+ Nh5 42. Rd3 Re2+ 43. Rd2 Rxd2+ 44. Kxd2 Kg4 45. Rxh7 b5 46.
Rxh5 1-0

[Event "3ème Open International de Nantes"]
[Site "Nantes"]
[Date "2004.12.27"]
[Round "2.5"]
[White "BOURDIN, Jacky"]
[Black "DELORME, Alban"]
[Result "1/2-1/2"]
[WhiteElo "1953"]
[BlackElo "2252"]
[PlyCount "68"]
[EventDate "2004.??.??"]
[SourceDate "2005.01.01"]

1. c4 Nf6 2. Nc3 d5 3. cxd5 Nxd5 4. Nf3 g6 5. e4 Nxc3 6. dxc3 Qxd1+ 7. Kxd1 Bg7
8. Be3 O-O 9. Kc2 b6 10. Nd2 Bb7 11. f3 Nd7 12. Rd1 Rfd8 13. Be2 Ne5 14. Nc4
Ba6 15. Nxe5 Bxe2 16. Rxd8+ Rxd8 17. Nc6 Rd7 18. Re1 Bd3+ 19. Kc1 Bc4 20. Rd1
Rxd1+ 21. Kxd1 Kf8 22. Bf4 Ke8 23. Bxc7 Kd7 24. Ne5+ Bxe5 25. Bxe5 Bxa2 26. Kd2
Kc6 27. Bg7 Bc4 28. h4 Kb5 29. Bf8 e6 30. g3 Ka4 31. Kc2 Bb3+ 32. Kd2 Bc4 33.
Kc2 Bb3+ 34. Kd2 Bc4 1/2-1/2

[Event "3ème Open International de Nantes"]
[Site "Nantes"]
[Date "2004.12.27"]
[Round "2.6"]
[White "SASU-DUCSOARA, Andreea"]
[Black "SIM, Sylvain"]
[Result "1/2-1/2"]
[WhiteElo "2244"]
[BlackElo "1950"]
[PlyCount "99"]
[EventDate "2004.??.??"]
[SourceDate "2005.01.01"]

1. e4 c5 2. Nf3 Nc6 3. d4 cxd4 4. Nxd4 Nf6 5. Nc3 e5 6. Ndb5 d6 7. Bg5 a6 8.
Na3 b5 9. Bxf6 gxf6 10. Nd5 f5 11. Bd3 Be6 12. O-O Bg7 13. Qh5 h6 14. c4 bxc4
15. Nxc4 O-O 16. Ncb6 fxe4 17. Bxe4 Rb8 18. Na4 f5 19. Nf6+ Rxf6 20. Bxc6 d5
21. Rac1 e4 22. b3 d4 23. Rfd1 d3 24. Qh4 Bf7 25. Qf4 h5 26. Rc5 Qd6 27. Qc1 h4
28. Kh1 Bh5 29. f3 h3 30. g4 fxg4 31. Bxe4 g3 32. Qc4+ Bf7 33. Qxd3 g2+ 34. Kg1
Bh6 35. Bd5 Re8 36. f4 Bxf4 37. Qxh3 Be3+ 38. Qxe3 Rxe3 39. Bxf7+ Kxf7 40. Rxd6
Rxd6 41. Kxg2 Re2+ 42. Kg3 Rxa2 43. Rf5+ Kg6 44. Rf3 Kg7 45. h3 Rg6+ 46. Kf4
Rf6+ 47. Ke3 Rxf3+ 48. Kxf3 Ra3 49. Nc5 Ra5 50. b4 1/2-1/2

[Event "3ème Open International de Nantes"]
[Site "Nantes"]
[Date "2004.12.28"]
[Round "3.1"]
[White "CRISTESCU, Florin"]
[Black "BRUNELLIERE, Pierre"]
[Result "1-0"]
[WhiteElo "2010"]
[BlackElo "2348"]
[PlyCount "45"]
[EventDate "2004.??.??"]
[SourceDate "2005.01.01"]

1. d4 g6 2. c4 Bg7 3. Nc3 c5 4. d5 f5 5. Qc2 Nf6 6. f3 O-O 7. e4 d6 8. exf5
Bxf5 9. Bd3 Bxd3 10. Qxd3 Nbd7 11. f4 Qe8 12. Nge2 a6 13. a4 e5 14. O-O Qe7 15.
f5 e4 16. Qh3 gxf5 17. Rxf5 Rf7 18. Bg5 Re8 19. Nf4 Nf8 20. Nh5 h6 21. Nxg7
hxg5 22. Nxe8 Nxe8 23. Rxf7 1-0

[Event "3ème Open International de Nantes"]
[Site "Nantes"]
[Date "2004.12.28"]
[Round "3.2"]
[White "MONROY, Charles"]
[Black "THIBAUD, Corentin"]
[Result "1/2-1/2"]
[WhiteElo "2299"]
[BlackElo "2005"]
[PlyCount "120"]
[EventDate "2004.??.??"]
[SourceDate "2005.01.01"]

1. e4 e5 2. Nf3 Nc6 3. Nc3 Nf6 4. Bb5 Bb4 5. O-O O-O 6. d3 d6 7. Bg5 Bxc3 8.
bxc3 h6 9. Bc1 Qe7 10. Re1 Rd8 11. a4 Bd7 12. h3 Qe8 13. a5 Ne7 14. Bc4 Ng6 15.
Nd2 Bc6 16. Bb3 Qd7 17. Nf1 Re8 18. Ng3 Rad8 19. Be3 a6 20. c4 Rb8 21. Nf5 Qc8
22. Ba4 Bxa4 23. Rxa4 Ne7 24. Nxe7+ Rxe7 25. f4 exf4 26. Bxf4 Qd7 27. Rb4 Qc6
28. Be3 Re5 29. Qa1 b6 30. axb6 cxb6 31. Qxa6 Ra5 32. Qxa5 bxa5 33. Rxb8+ Kh7
34. Rb5 a4 35. Ra1 Nxe4 36. dxe4 Qxc4 37. Rbb1 Qxe4 38. Bf2 Qxc2 39. Rd1 a3 40.
Rxd6 a2 41. Rdd1 f5 42. Rac1 Qe2 43. Re1 Qb2 44. Rcd1 f4 45. Bd4 a1=Q 46. Bxb2
Qxb2 47. Rf1 Qb4 48. Kh1 Kg6 49. Rf3 Kh5 50. Rd5+ g5 51. Rd1 Qe4 52. Kh2 Qe2
53. Rb1 Qe6 54. Rb4 Qd6 55. Rb5 Qd7 56. Rb6 Qc7 57. Ra6 Qe5 58. Rc6 Qd5 59.
Rfc3 Qe5 60. Rc2 Qe1 1/2-1/2

[Event "3ème Open International de Nantes"]
[Site "Nantes"]
[Date "2004.12.28"]
[Round "3.3"]
[White "BEAUGEARD, Meddy"]
[Black "BERTHELOT, Yannick"]
[Result "0-1"]
[WhiteElo "1640"]
[BlackElo "2298"]
[PlyCount "76"]
[EventDate "2004.??.??"]
[SourceDate "2005.01.01"]

1. e4 c5 2. Nf3 Nc6 3. d4 cxd4 4. Nxd4 Nf6 5. Nc3 d6 6. Be3 Ng4 7. Bg5 h6 8.
Bh4 g5 9. Bg3 Bg7 10. Bb5 Bd7 11. Nxc6 bxc6 12. Bxc6 Bxc6 13. Qxg4 Qa5 14. O-O
h5 15. Qd1 h4 16. Bxd6 Rd8 17. Nd5 Rxd6 18. Qg4 Bxd5 19. Qxg5 Rg6 20. Qxd5 Qxd5
21. exd5 Bxb2 22. Rab1 Rb6 23. c4 Bd4 24. a4 Kd7 25. a5 Rxb1 26. Rxb1 Rc8 27.
Rb4 Kd6 28. Kf1 Rc5 29. Ra4 a6 30. Ke2 Bc3 31. Kd3 Rxa5 32. c5+ Kxd5 33. Rxh4
Rxc5 34. Rh5+ e5 35. f4 Bd4 36. fxe5 Bxe5 37. h4 Rc3+ 38. Kd2 Rg3 0-1

[Event "3ème Open International de Nantes"]
[Site "Nantes"]
[Date "2004.12.28"]
[Round "3.4"]
[White "GRATON, Tanguy"]
[Black "JAULIN, Philippe"]
[Result "0-1"]
[WhiteElo "1499"]
[BlackElo "2141"]
[PlyCount "72"]
[EventDate "2004.??.??"]
[SourceDate "2005.01.01"]

1. e4 e5 2. Nf3 Nc6 3. d4 exd4 4. Nxd4 Bc5 5. Be3 Qf6 6. c3 Nge7 7. Bc4 b6 8.
O-O Bb7 9. Nb5 O-O-O 10. Bxc5 bxc5 11. Nd2 a6 12. Na3 Qg6 13. Qe2 Ne5 14. Rfe1
f5 15. f3 fxe4 16. Nxe4 d5 17. Nxc5 Nxc4 18. Nxc4 dxc4 19. Qxe7 Rhe8 20. Qh4
Rxe1+ 21. Rxe1 Bxf3 22. Qh3+ Bg4 23. Qg3 Bf5 24. Qxg6 Bxg6 25. Nxa6 Rd2 26. Re7
Rxb2 27. Rxc7+ Kd8 28. a4 Rb6 29. Ra7 Rb3 30. Ra8+ Ke7 31. Nb4 Be4 32. Ra7+ Kf6
33. Ra6+ Kg5 34. Re6 Kf5 35. Re7 Rxc3 36. Rxg7 Rb3 0-1